000 01067nam a22002537a 4500
001 4249
003 FISKH
005 20241121145115.0
008 240710b cb ||||| |||| 00| 0 eng d
020 _a9781407108346
040 _aFISKH
_beng
_cFISKH
_dFISKH
050 _aPZ7
082 _a520
100 _aPoskitt, Kjartan
245 _aGobsmacking galaxy /
_cKjartan Poskitt ; Illustrated by Daniel Postgate
250 _aThis edition published 2009
260 _aLondon :
_bScholastic,
_c1997
300 _a160 pages :
_billustrations ;
_c20 cm
520 _aChildren will laugh and learn as they explore the weird side of science with the Horrible Science Series. How do vampire bats suck blood? What makes stink bombs stink? These are just a few of the questions that are answered in this wacky science fact series. Cartoon-style illustrations depict the more grotesque aspects of science that fascinate children.
650 _aAstronomy
_vGalaxy
_xChildren
700 _aPostgate, Daniel
_eillustrator
942 _2ddc
_cBK
_n0
999 _c4249
_d4249